MDQL
is popping MORE tags! Check the
thread
!
Quizzes
Events
Quiz Creation
Community
Videos
Private Events
Remove Ads
Sign In
Join for FREE
Feedback
Dark Mode
Quiz Categories
Sports
Geography
Music
Movies
Television
Just For Fun
Miscellaneous
History
Literature
Language
Science
Gaming
Entertainment
Religion
Holiday
For Kids
Quiz Lab
Recent
Popular Today
Quiz Kudos Today
Editor Picks
Curator Picks
Quizzes by...
Day
Popularity
Type
Ratings
Length
Year
Community
Subscriptions
Recent Discussions
Orange Saloon
Badges
Playlists
Quests
Create
Leaderboards
Showdown
Live 5
Trivia Bingo
Activity
Puzzle Library
Sporcle Events
Private Events
Virtual Trivia
Globe League
Become a Host
Pub Owners
SporcleCon
Opinionation
Our Games
Videos
Blog
Mobile Apps
Partnerships
Remove Ads and Go Orange
Feedback
Science
Computer
Plants
Astronomy
Chemistry
Elements
Math
Animal
Physics
Anatomy
Biology
Geology
General Science
Science
Computer
Plants
Astronomy
Chemistry
Elements
Math
Animal
Physics
Anatomy
Biology
Geology
General Science
Random Quiz
Search Sporcle
×
Quiz Lab
Quiz Lab
Science
muscle
Type in answers that appear in a list
Type in answers that appear in a list
Classic
Best Score? Go Orange.
Arm muscles Stats
Can you name the arm muscles?
By
philipc
10m
112 Questions
113 Plays
113 Plays
113 Plays
Comments
Comments
Give Quiz Kudos
Give Quiz Kudos
-
- Ratings
hide this ad
Replay
Link that replays current quiz
Next Quiz
Link to next quiz in quiz playlist
You Got
0%
They Got
Avg Score
13%
Avg Friend Score
Upgrade to see
Score Distribution
Jump to the score distribution portion of the page
Score
0/112
Timer
10:00
0
Plays Today
% Correct
Biceps Brachii
89.4%
Triceps Brachii
85.8%
Deltoid
71.7%
Brachialis
69%
Flexor carpi radialis
62.8%
Brachioradialis
59.3%
Teres major
58.4%
Teres minor
57.5%
flexor carpi ulnaris
55.8%
Extensor carpi radialis
53.1%
Trapezius
52.2%
Pectoralis minor
50.4%
Extensor digitorum
50.4%
Pectoralis major
49.6%
Pronator teres
49.6%
Supraspinatus
47.8%
Infraspinatus
47.8%
Subscapularis
46.9%
Flexor digitorum superficialis
46.9%
Palmaris longus
44.2%
Extensor carpi ulnaris
42.5%
Latissimus dorsi
38.9%
Supinator
36.3%
Serratus anterior
33.6%
Extensor digiti minimi
23.9%
levator scapulae
22.1%
Rhomboids
21.2%
Scapula
8.8%
Caracobrachialis
8%
Humerus
7.1%
Medial epicondyle
7.1%
Medial epicondyle
7.1%
Medial epicondyle
7.1%
Medial epicondyle
7.1%
Medial epicondyle
7.1%
humerus
7.1%
Ribs
6.2%
Lateral epicondyle
6.2%
% Correct
Lateral epicondyle
6.2%
Lateral epicondyle
6.2%
Lateral epicondyle
6.2%
Lateral epicondyle
6.2%
Coracoid process
3.5%
Coracoid process
3.5%
Supraspinous fossa
2.7%
Infraspinous fossa
2.7%
Subscapular fossa
2.7%
Greater tubercle
1.8%
Greater tubercle
1.8%
Greater tubercle
1.8%
Lesser tubercle
1.8%
Scapula and humerus
0.9%
Deltoid tuberosity
0.9%
Phalanges
0.9%
Styloid process of radius
0.9%
Phalanges
0.9%
Extension of wrist
0.9%
Extension of digits
0.9%
Extension of digits
0.9%
Extension of wrist
0.9%
Supination of antebrachium
0.9%
External occipital protuberance
0%
Lateral surface of ribs
0%
Thoracic spinous processes
0%
Cervical transverse processes
0%
Scapula and clavicle
0%
Sternum and clavicle
0%
Thoracic and lumbar spinous processes
0%
Inferior angle of scapula
0%
Inferior angle of scapula
0%
Lateral epicondyle and ulna
0%
Radial carpals
0%
Spine and acromion of scapula
0%
Medial border of scapula
0%
Medial border of scapula
0%
Superior angle of scapula
0%
% Correct
Intertubercular groove
0%
Intertubercular groove
0%
Intertubercular groove
0%
Radial tuberosity
0%
Ulnar tuberosity
0%
Olecranon process
0%
Lateral surface of radius
0%
Radial carpals
0%
Palmar aponeurosis
0%
Ulnar carpals
0%
Phalanx
0%
Ulnar carpals
0%
Anterior surface of radius
0%
Elevate and retract scapula
0%
Depress scapula
0%
Protraction of the scapula
0%
Retract scapula
0%
Elevate scapula
0%
Abduction of humerus
0%
Adduction of humerus
0%
Flexion of humerus
0%
Extension and medial rotation of humerus
0%
Extension and medial rotation of humerus
0%
Lateral rotation and abduction of humerus
0%
Lateral rotation of humerus
0%
Lateral rotation of humerus
0%
Medial rotation of humerus
0%
Flexion of humeroulnar joint
0%
Flexion of humeroulnar joint
0%
Extension of humeroulnar joint
0%
Flexion of digits
0%
Pronation of antebrachium
0%
Flexion of wrist
0%
Tension of palmar aponeurosis
0%
Flexion of wrist
0%
Flexion of humeroulnar joint
0%
Quiz Playlist
Details
Report
Send in Message
Add To Playlist
Classic:
Type in answers that appear in a list
Last Updated: Feb 16, 2017
Quiz Scoreboard
CHALLENGE
Sign Up to Join the Scoreboard
Show All
Scores
Hide
Comments
May contain spoilers
Recently Published
1-10 Letter E Words III
by El_Dandy
Language
2m
Street Fighter Characters
by Artimus82
Gaming
60s
College Basketball Coaching Resumes
by pancakes188
Sports
9m
More to Explore
Quiz From the Vault
Featured Blog Post
Where Did the Easter Bunny Come From?
hide this ad
You Might Also Like...
Tags
arm
muscle
Today's Top Quizzes in Science
Browse Science
hide this ad
Today's Top Quizzes in muscle
Browse muscle
Top Contributed Quizzes in Science
1
Quick Pick: Radians
2
The First 100 Digits of Pi
3
Quick Pick: 'CI-CJ' Animals
4
Elements In Images
5
perfect squares 1-25
6
One Thing in Common: Science
7
One Thing in Common: Science II
8
One Thing in Common: Animals
9
Order Up: Organs and Body Systems
10
One Thing in Common: Science III
Explore More
Trending Topics
Harry Potter
Anime
Crossword
Kpop
NBA
Disney
Marvel
NFL
The Office
Puzzle
Soccer
WWE
Country
Song
Pokémon
hide this ad
More By:
philipc
Quiz
Plays
Rating
Category
Featured
Created
arm muscles
113
Science
Mar 22, 2011
Go to Creator's Profile
Score Distribution
Quiz Creator Spotlight
philipc
Follow
Send a Message
Quizzes Created
-
Created Quiz Play Count
-
More By This Creator
Popular Quizzes Today
1
Find the US States - No Outlines Minefield
2
Find the Countries of Europe - No Outlines Minefield
3
The Countries of the World
4
Find the US States
5
Risky Map Clicking: Biggest States A-Z
6
US States
7
Popular People in 1961
8
Movies - When Are They Set?
More Science Quizzes
Category Crossword (Science VIII)
Editor's Pick
Trending Quizzes
Risky Map Clicking: Least Populous States A-Z
Billboard Blitz: Aretha Franklin
1-10 Letter G Words
Countries of the World: 200 Million BC
1-10 Letter F Words
Recently Updated
Leaping Animals
pecheneg
Reality TV Shows (A-Z)
bhenderson79
Rickey Henderson's Hall of Fame Teammates
pecheneg
Champions League XIs: Arsenal
pecheneg
Quick Pick: Celebrities in WWE's Hall of Fame
aduchscher
A-Z Keypad Blitz II
pecheneg
Multiple Oscar Actors
pecheneg
Mystery Phrase Blitz: Oscar 'Best Actors'
pecheneg
F. Scott Fitzgerald Novels
LTH
Pick 3 Villains
ddd62291
Trending Topics
Anime
Harry Potter
NBA
Marvel
Crossword
Kpop
Disney
Song
Country
The Office
Puzzle
NFL
Pokémon
Soccer
WWE
Your Account Isn't Verified!
In order to create a playlist on Sporcle, you need to verify the email address you used during registration. Go to your
Sporcle Settings
to finish the process.
Report this User
Report this user for behavior that violates our
Community Guidelines
.
Details:
Send Report
Go to the Sporcle.com Mobile Site →
Comments